000 02042nam0a2200409 4500
001 RU\NLR\bibl\353354
005 20250621154343.0
010 _a5-696-02066-6
_9100
021 _aRU
_b2002-49384
_92389
035 _a(NLR Aleph) 000348049
090 _a258312
_c258312
100 _a20021218d2001 |||y0rusy50 ca
101 0 _arus
102 _aRU
105 _aa |||||||||
200 1 _aФинансовое положение фирмы. Конкурентоспособность
_eУчеб. пособие
_fИзрайлева О. В.
_gМ-во образования Рос. Федерации, Юж.-Урал. гос. ун-т, Каф. "Экономика сервиса"
210 _aЧелябинск
_cИзд-во Юж.-Урал. гос. ун-та
_d2001
215 _a35,[1] с.
_cил.
_d20
320 _aБиблиогр.: с. 33-36
606 0 _aФирмы
_jРуководства, пособия и т.п. для высшей школы
_xФинансы
_92104749
_3RU\NLR\auth\661272541
606 0 _aФирмы
_jУчебные издания для высшей школы
_xФинансы
_92104749
_3RU\NLR\auth\661272541
606 0 _aФирмы
_jРуководства, пособия и т.п. для высшей школы
_xКонкурентоспособность
_92272387
_3RU\NLR\auth\661361924
606 0 _aФирмы
_jУчебные издания для высшей школы
_xКонкурентоспособность
_92272387
_3RU\NLR\auth\661361924
610 0 _aПредприятия - Финансовый анализ
610 0 _aКонкурентоспособность (экон.)
675 _a658.15(075.8)
_v3
_zrus
686 _a06.81
_2rugasnti
686 _a65.290-93я73
_2rubbk
686 _aУ26(2)19я73
686 _aУ29(2)-13я73
700 1 _aИзрайлева
_bО. В.
_gОльга Васильевна
_4070
801 0 _aRU
_bRKP
_c20021218
_gPSBO
801 1 _aRU
_bRKP
_c20021218
801 2 _aRU
_bNLR
_c20030124
_grcr
942 _cBOOK
980 _aNB